Villes françaises en peinture - Statistiques

Statistiques générales
  • Ce quiz a été pris 85 fois
  • Le résultat moyen est 4 sur 10
Statistiques - réponses
Par images Hint Réponse % Correct
Raoul Dufy Nice, la Promenade des Anglais
90%
Albert Marquet Le Vieux-Port à la Rochelle
57%
Maurice Utrillo Vue de Paris depuis Montmartre
56%
Vincent Van Gogh Le Café le soir (Arles)
40%
André Schmitt Cathédrale de Strasbourg
32%
Paul Signac Le Port de Marseille
32%
Claude Monet Vue du Havre
21%
Paul Signac Le Port de Saint-Tropez
12%
Camille Pissaro Le Pont Boieldieu (Rouen)
10%
Henri Matisse Vue de Collioure
10%
Aucun quiz correspondant
Distribution des résultats
% des personnes avec chaque résultat
Percentile par nombre de réponses
Votre historique - résultats
Vous n’avez pas pris ce quiz